000
00319nam a22001337a 4500
008
180309b xxu||||| |||| 00| 0 eng d
020
_a
9783527281640
041
_a
eng
080
_2
2nd
_a
54
100
_a
12
101
_a
KIM
245
_a
Organometallics a concise introduction
_c
Elschenbroich,Ch
942
_2
udc
_c
BK
999
_c
44567
_d
44567